LEADER 01027nam a2200301 i 4500 001 991000944289707536 005 20020507180320.0 008 941031s1972 fr ||| | fre 020 $a2705656960 035 $ab10779218-39ule_inst 035 $aLE01304669$9ExL 040 $aDip.to Matematica$beng 082 0 $a516.37 084 $aAMS 53C10 084 $aAMS 58C 100 1 $aMalliavin, Paul$042061 245 10$aGéométrie différentielle intrinsèque /$cPaul Malliavin 260 $aParis :$bHermann,$cc1972 300 $avi, 307 p. ;$c23 cm. 490 0 $aCollection enseignement des sciences ;$v14 650 4$aG-structures 650 4$aGlobal differential geometry 907 $a.b10779218$b23-02-17$c28-06-02 912 $a991000944289707536 945 $aLE013 53C MAL11 (1972)$g1$i2013000064017$lle013$o-$pE0.00$q-$rl$s- $t0$u0$v0$w0$x0$y.i10878610$z28-06-02 996 $aGéométrie différentielle intrinsèque$9348667 997 $aUNISALENTO 998 $ale013$b01-01-94$cm$da $e-$ffre$gfr $h0$i1 LEADER 02297oam 2200565M 450 001 9910715420003321 005 20191116082333.6 035 $a(CKB)5470000002511848 035 $a(OCoLC)1065578362 035 $a(OCoLC)995470000002511848 035 $a(EXLCZ)995470000002511848 100 $a20070221d1828 ua 0 101 0 $aeng 135 $aurcn||||||||| 181 $ctxt$2rdacontent 182 $cc$2rdamedia 183 $acr$2rdacarrier 200 10$aDividing line -- Florida and Georgia. Message from the President of the United States, transmitting copies of communications from the Governor of Georgia, relating to the line dividing that state from the Territory of Florida. January 23, 1828. Read, and referred to the Committee on the Judiciary 210 1$a[Washington, D.C.] :$c[publisher not identified],$d1828. 215 $a1 online resource (16 pages) 225 1 $aHouse document / 20th Congress, 1st session. House ;$vno. 87 225 1 $a[United States congressional serial set ] ;$v[serial no. 171] 300 $aBatch processed record: Metadata reviewed, not verified. Some fields updated by batch processes. 300 $aFDLP item number not assigned. 606 $aBoundaries, State 606 $aFederal government 606 $aBodies of water 606 $aRivers 606 $aSurveying 606 $aGovernors 608 $aLegislative materials.$2lcgft 615 0$aBoundaries, State. 615 0$aFederal government. 615 0$aBodies of water. 615 0$aRivers. 615 0$aSurveying. 615 0$aGovernors. 701 $aAdams$b John Quincy$f1767-1848.$0202825 701 $aForsyth$b John$f1780-1841$pJacksonian (GA)$01399332 712 02$aUnited States.$bPresident (1825-1829 : Adams) 801 0$bWYU 801 1$bWYU 801 2$bOCLCO 801 2$bOCLCQ 801 2$bOCLCO 801 2$bOCLCQ 906 $aBOOK 912 $a9910715420003321 996 $aDividing line -- Florida and Georgia. Message from the President of the United States, transmitting copies of communications from the Governor of Georgia, relating to the line dividing that state from the Territory of Florida. January 23, 1828. Read, and referred to the Committee on the Judiciary$93464346 997 $aUNINA